000 00400cam a2200169ua 4500
001 15836
008 120425n2008 II |||gr||||Z||||||eng
040 _aMAIN
041 _aEnglish
082 _a639.8 RED
100 _aREDDY , RAJENDRA .
245 _aAQUACULTURE
260 _aNEW DELHI
_bCOMMONWEALTH PUBLISHERS
_c2008
300 _a297:
_c22CM.
700 _aSHANKAR , J.P.ABHAY.
942 _cBK
999 _c15721
_d15721